Statistics for All Time Liverpool Premier League Scorers

Click here to take the quiz!

General Stats

  • This quiz has been taken 43 times
  • The average score is 11 of 15

Answer Stats

HintAnswer% Correct
120Steven Gerrard
100%
89Mohamed Salah
100%
69Luis Suarez
98%
70Sadio Mane
95%
128Robbie Fowler
83%
118Michael Owen
83%
63Roberto Firmino
83%
65Fernando Torres
79%
50Daniel Sturridge
71%
45Ian Rush
67%
51Dirk Kuyt
57%
41Philippe Coutinho
52%
41Steve McManaman
40%
39Emile Heskey
40%
29Jamie Redknapp
19%

Score Distribution

Percentile by Number Answered

Percent of People with Each Score

Your Score History

You have not taken this quiz